000 00340nam a22001457a 4500
008 221216b ||||| |||| 00| 0 eng d
020 _a9780323009683
041 _aeng
080 _2NINTH EDITION
_a610.73
082 _a610.73BER
100 _a9
101 _aINFE
245 _aOPERATING ROOM TECHNIQUE
_cBERRY&KOHN'S
942 _2udc
_cBK
999 _c59192
_d59192